Normal view
MARC view
- Dotlich, David L.
Entry Personal Name
001 - CONTROL NUMBER
- control field: 8019
003 - CONTROL NUMBER IDENTIFIER
- control field: NUST
005 - DATE AND TIME OF LATEST TRANSACTION
- control field: 20180104142740.0
008 - FIXED-LENGTH DATA ELEMENTS
- fixed length control field: 180104|| aca||aabn | a|a d
040 ## - CATALOGING SOURCE
- Original cataloging agency: NUST
- Transcribing agency: NUST
100 ## - HEADING--PERSONAL NAME
- Personal name: Dotlich, David L.
- Fuller form of name: (David Landreth),
- Dates associated with a name: 1950-
670 ## - SOURCE DATA FOUND
- Source citation: Work cat.: (NUST)0: Dotlich, David L. (David Landreth), 1950-, Action coaching :, 1999.
